Agricultural policies in emerging and transition economies 1999

Gespeichert in:
Bibliographische Detailangaben
Format: Buch
Sprache:Englisch
Veröffentlicht: Paris OECD 1999
Schlagworte:
Tags: Tag hinzufügen
Keine Tags, Fügen Sie das erste Tag hinzu!

MARC

LEADER 00000nam a2200000 4500
001 c117817
005 20251216123231.9
020 |a 92-64-17058-8 
041 0 |a eng 
044 |a FR 
245 1 0 |a Agricultural policies in emerging and transition economies 1999 
264 1 |a Paris  |b OECD  |c 1999 
300 |a 116 s. 
500 |a Na obale názov: Agriculture at a glance in emerging ... 
610 2 0 |a politika poľnohospodárska 
610 2 0 |a krajiny rozvojové 
610 2 0 |a reformy hospodárske 
610 2 0 |a reformy poľnohospodárske 
610 2 0 |a potraviny 
610 2 0 |a SVE